Our freedom fighters, 1562-1947 : (Record no. 13009)
[ view plain ]
| 000 -LEADER | |
|---|---|
| fixed length control field | 00454nam a2200133 a 4500 |
| 100 1# - MAIN ENTRY--AUTHOR NAME | |
| Personal name | Allana, G. |
| 245 10 - TITLE STATEMENT | |
| Title | Our freedom fighters, 1562-1947 : |
| 260 ## - PUBLICATION, DISTRIBUTION, ETC. (IMPRINT) | |
| Place of publication | [S.l.] : |
| Name of publisher | National Book Foundation, |
| Year of publication | 1976. |
| 300 ## - PHYSICAL DESCRIPTION | |
| Number of Pages | 347 p. |
| 856 40 - ELECTRONIC LOCATION AND ACCESS | |
| Uniform Resource Identifier | http://www.amazon.com/exec/obidos/ASIN/B0007AK2XI/chopaconline-20 |
| Withdrawn status | Lost status | Home library | Current library | Date acquired | Cost, normal purchase price | Full call number | Accession Number | Koha item type |
|---|---|---|---|---|---|---|---|---|
| Book Bank Section | Book Bank Section | 12/02/2020 | 25.00 | 954.7ALL | B1543 | Books |